00974nam a22002535a 450000500170000000800410001702000180005804000280007608200260010410000290013024500490015925000240020826000730023230000530030550000280035850400410038665000400042765100100046765300310047765500240050894200260053299900170055895201450057520201128021325.0150622r20122010ii adk frb 000 0 eng d a9788122427707 aEG-ScBUEbengcEG-ScBUE04a620.00151825bBHA2221 aBhavikatti, S. S.93824410aFinite element analysis /cS. S. Bhavikatti. a2nd ed., Reprinted. aNew Delhi : bNew Age International (P.) Limited Publishers, c2012. axi, 334 p. : bcharts, forms, tables ; c25 cm.  aReprint of the 2010 ed. aIncludes bibliographical references. 7aFinite element method.2BUEsh92126 2BUEsh bENGGENcJune2015cJuly2015 vreading book934232 2ddck620.00151825 BHA c19822d19794 00102ddc40708AlahramaMAINbMAINc1STd2015-06-22epurchaseg80.00h317l0o620.00151825 BHAp000038647r2025-07-15 00:00:00v100.00yBB